Normal view MARC view
  • Wason, V

Entry Personal Name

Number of records used in: 1

001 - CONTROL NUMBER

  • control field: 6580

003 - CONTROL NUMBER IDENTIFIER

  • control field: OSt

005 - DATE AND TIME OF LATEST TRANSACTION

  • control field: 20180222110403.0

008 - FIXED-LENGTH DATA ELEMENTS

  • fixed length control field: 180222|| aca||aabn | a|a d

040 ## - CATALOGING SOURCE

  • Original cataloging agency: OSt
  • Transcribing agency: OSt

100 ## - HEADING--PERSONAL NAME

  • Personal name: Wason, V

670 ## - SOURCE DATA FOUND

  • Source citation: Work cat.: (OSt): Wason, V, Business Studies -XII, 2014

Powered by Koha